Normal view
MARC view
Entry Personal Name
001 - CONTROL NUMBER
- control field: 1938
003 - CONTROL NUMBER IDENTIFIER
- control field: OSt
005 - DATE AND TIME OF LATEST TRANSACTION
- control field: 20150712152105.0
008 - FIXED-LENGTH DATA ELEMENTS
- fixed length control field: 150712|| aca||aabn | a|a d
040 ## - CATALOGING SOURCE
- Original cataloging agency: OSt
- Transcribing agency: OSt
100 ## - HEADING--PERSONAL NAME
- Personal name: Lorimer, Doug
670 ## - SOURCE DATA FOUND
- Source citation: Work cat.: (OSt)8215: Lorimer, Doug, Fundametals of Historical Materialism, 2006









